[Event "Moscow Smyslov-D"]
[Site "Moscow"]
[Date "2025.06.05"]
[Round "4"]
[White "Khamchuk, Maksim"]
[Black "Akimov, Mikhail"]
[Result "1/2-1/2"]
[WhiteElo "1524"]
[BlackElo "1560"]
[PlyCount "77"]
[EventDate "2025.06.02"]
[EventType "swiss"]
[EventRounds "8"]
[EventCountry "RUS"]
[SourceTitle "CB29_2025"]
[SourceDate "2025.07.16"]
[SourceVersion "1"]
[SourceVersionDate "2025.07.16"]
[SourceQuality "1"]

1. d4 d5 2. c4 dxc4 3. Nf3 Nf6 4. e3 a6 5. Bxc4 e6 6. 0-0 c5 7. Bb3 Nc6 8. Nc3 cxd4 9. exd4 Be7 10. Bg5 0-0 11. Qd2 b5 12. Bc2 Bb7 13. Qf4 Nb4 14. Bb1 Bxf3 15. Qxf3 h6 16. Bxf6 Bxf6 17. Be4 Rc8 18. a3 Nd5 19. Nxd5 exd5 20. Bxd5 Bxd4 21. Rad1 Qf6 22. b4 Qxf3 23. Bxf3 Bb2 24. Rd3 Rc3 25. Rxc3 Bxc3 26. Bb7 a5 27. bxa5 Bxa5 28. Rb1 Rd8 29. Kf1 Rd3 30. Rxb5 Rxa3 31. Bd5 Bc7 32. Rb7 Rc3 33. Ra7 g6 34. Ra8+ Kg7 35. Re8 Rc5 36. Bb3 Rf5 37. Re7 Bxh2 38. Ke2 Re5+ 39. Rxe5 1/2-1/2